Country Word Chain #2 - Statistics

General Stats
  • This quiz has been taken 29 times
  • The average score is 7 of 10
Answer Stats
Hint Country % Correct
Home to the tallest mountain Nepal
96%
Largest country in Central America Nicaragua
85%
Birthplace of DEMOCRACY Greece
81%
Once fought a war against Emus Australia
67%
No national debt Luxembourg
67%
Oldest language in Europe is spoken here Estonia
63%
One of the countries to landlock a double landlocked country Afghanistan
59%
Majority Muslim population Albania
56%
Over 50,000 Islands Norway
56%
Produces rare and expensive honey Yemen
56%
No matching quizzes found
Score Distribution
Percent of People with Each Score
Percentile by Number Answered
Your Score History
You have not taken this quiz